000 01344nam a2200325 i 4500
001 160708
003 ES-MaACL
005 20250816063146.0
008 980914q1910 sp |r 00| 0dspa
040 _aAS
_bspa
_cAS
080 _a929(37):930
100 1 _aNisard, Desiré,
_d1806-1888
_eaut
_9130499
245 1 4 _aLos cuatro grandes historiadores latinos :
_bCésar-Salustio-Tito Livio-Tácito /
_cpor D. Nisard ; traducción por Luis de Terán
260 _aMadrid :
_bLa España Moderna,
_c[ca. 1910]
_f(Nueva Imp. de San Francisco de Sales)
300 _a2 hoja, 185 páginas ;
_c23 cm
490 1 _aBiblioteca de jurisprudencia, filosofía e historia
_9180691
596 _aLa España Moderna ejerce como editorial entre 1889 y 1914
600 1 4 _aCésar, Cayo Julio,
_d100 a.C.-44 a.C.
_937671
600 1 4 _aSalustio Crispo, Cayo,
_d86 a.C.-34 a.C.
_9102051
600 1 4 _aLivio, Tito,
_d59 a.C.-17 d.C.
_972600
600 1 4 _aTácito, Cayo Cornelio
_9109052
650 4 _aHistoriadores-
_zRoma
_9136238
700 1 _aTerán, Luis de,
_d1864-1935
_etrl
_9109725
710 2 _aLa España Moderna
_eedt
_9134611
830 0 _aBiblioteca de jurisprudencia, filosofía e historia
_9180691
852 4 _aES-MaACL
_cSPP2
_jF-14792
_xHolandesa
942 _2udc
_cMONOGRAFIA
_n0
999 _c160708
_d160708